| 000 | 00484nam a2200169Ia 4500 | ||
|---|---|---|---|
| 008 | 230718s9999 xx 000 0 und d | ||
| 020 | _a9789351104063 | ||
| 041 | _aeng | ||
| 082 |
_a005.1'4 _bBHA |
||
| 100 |
_aBhargava A. _9195825 |
||
| 245 | _aDesigning And Implementing Test Automation Frameworks With QTP | ||
| 260 |
_c2013 _bPackt/SPD |
||
| 300 | _a142 | ||
| 365 |
_cRs. _b325.00 |
||
| 700 |
_aBhargava A. _9195825 |
||
| 906 |
_dO:0378820-Feb-2014B:486902-Feb-2014 _cCOMP _b71.5 |
||
| 999 |
_c335565 _d335565 |
||